National Geographic Bee Winning Questions - Statistics

General Stats
  • This quiz has been taken 243 times
    120 since last reset
  • The average score is 13 of 31
Answer Stats
Year Question Answer % Correct
1998 Which country with over 80 million people is the most populous in the EU? Germany
89%
1993 Tagalog is one of the three main languages of which country in Asia? Philippines
79%
1990 Mount Erebus is a volcano on which continent? Antarctica
78%
1997 What is the most densely populated country in Asia? Singapore
76%
2018 Lebanon has a population most similar to which South American country? Paraguay
71%
1995 Pashtu and Dari are the official languages of which country in Asia? Afghanistan
70%
1994 The Tagus River divides which country into two agricultural regions? Portugal
70%
2003 Goa, a state in southwestern India, belonged to which country until 1961? Portugal
70%
2008 Cochabamba is the third-largest city in what country? Bolivia
69%
1996 Which country is ruled by the President of France and the Bishop of Urgell? Andorra
64%
2004 Peshawar, a city in Pakistan, is near what historic pass? Khyber Pass
49%
2002 Lop Nur, a depression in the Tarim Basin, is in which country? China
45%
2015 Mariupol, is city on which sea, an arm of the Black Sea? Sea of Azov
43%
1992 What do the initials EEZ stand for? Exclusive Economic Zone
39%
2013 Which Ecuadorian peak is the farthest point from the earth's center? Chimborazo
35%
2014 Oyala, a planned city in the rainforest 65 miles east of Bata is being built as a future capital for which country? * Note: Oyala was renamed Ciudad de la Paz in 2017 Equatorial Guinea
34%
2007 Which city, Vietnam's capital from 1802-1945 is still an important cultral center? Hue
32%
2000 Name two of the three largest sections of Denmark, which include its mainland peninsula and two largest islands. Two of the three: Jutland | Sjaelland | Fyn
32%
2009 Timis County is in the western part of what European country? Romania
28%
1999 What is the name for usually cold ocean temperatures in the east Pacific? La Nina
27%
1991 What type of landform is associated with orographic precipitation? Mountain
27%
2016 Isla Wolf has abundant wildlife and is in what archipelago in the Pacific Ocean? Galapagos Islands
26%
2010 Which city, the largest in northern Haiti was renamed in 1804? Cap-Haitien
18%
1989 Name the flat intermontane area located at an elevation of about 10,000 feet in the Andes. Altiplano
17%
2012 Which Bavarian city was a legislative seat of the Holy Roman Empire from 1663 to 1806 Regensburg
15%
2019 One-third of Norway’s northernmost county is in what plateau? Finnmark Plateau
11%
2017 What mountain range separates the Taklimakan Desert from the Tibetan Plateau? Kunlun Mountains
11%
2006 Name the mountains that extend across much of Wales, from the Irish Sea to the Bristol Channel. Cambrian Mountains
8%
2011 The southern part of Mt. Everest is located in which Nepalese national park? Sagarmatha National Park
8%
2005 Lake Gatún, a lake part of the Panama Canal system, was created by damming which river? Chagres River
7%
2001 Below the equilibrium line of glaciers there is a region of melting, evaporation, and sublimation. Name this zone. Zone of Ablation
5%
No matching quizzes found
Score Distribution
Percent of People with Each Score
Percentile by Number Answered
Your Score History
You have not taken this quiz since the last reset